Notes on deeds of collateral warranties and the Contracts (Rights of Third Parties) Act 1999 (for UK students) (Record no. 104542)
[ view plain ]
| 000 -LEADER | |
|---|---|
| fixed length control field | 01543cam a2200301 4500 |
| 001 - CONTROL NUMBER | |
| control field | ##E130729 |
| 008 - FIXED-LENGTH DATA ELEMENTS--GENERAL INFORMATION | |
| fixed length control field | 050826n2005 000 0 eng u |
| 020 ## - INTERNATIONAL STANDARD BOOK NUMBER | |
| International Standard Book Number | 1904388396 |
| 035 ## - SYSTEM CONTROL NUMBER | |
| System control number | (Sirsi) u130729 |
| 041 0# - LANGUAGE CODE | |
| Language code of text/sound track or separate title | eng |
| 050 04 - LIBRARY OF CONGRESS CALL NUMBER | |
| Classification number | 346.41032 $2 18 |
| 100 1# - MAIN ENTRY--PERSONAL NAME | |
| Personal name | Forsyth, Frances |
| 245 ## - TITLE STATEMENT | |
| Title | Notes on deeds of collateral warranties and the Contracts (Rights of Third Parties) Act 1999 (for UK students) |
| Remainder of title | a CPD study pack |
| 250 ## - EDITION STATEMENT | |
| Edition statement | 4th ed. |
| 260 ## - PUBLICATION, DISTRIBUTION, ETC. | |
| Place of publication, distribution, etc. | Reading |
| Name of publisher, distributor, etc. | College of Estate Management |
| Date of publication, distribution, etc. | 2005 |
| 300 ## - PHYSICAL DESCRIPTION | |
| Extent | 49p. |
| Dimensions | 30cm. + 1 audio cassette (ca. 60 min.) |
| 350 ## - PRICE (NR) (BK AM CF MU VM SE) [OBSOLETE] | |
| Price | 51 |
| 490 ## - SERIES STATEMENT | |
| Series statement | College of Estate Management CPD Study Pack |
| 520 ## - SUMMARY, ETC. | |
| Summary, etc. | Looks at the background to the traditional use of collateral warranties. As new methods of limiting a party's liability in tort emerge, it then goes on to consider the alternatives to collateral warranties. In particular, the relative advantages and disadvantages of latent defects insurance and the Contract (Rights of Third Parties) Act 1999 are discussed. |
| 520 ## - SUMMARY, ETC. | |
| Summary, etc. | Accompanied by Owlion audio cassette "Deeds of Collateral Warranty and the Contracts (Rights of Third Parties) Act 1999" (J106470) which is also available to borrow seperately. |
| 520 ## - SUMMARY, ETC. | |
| Summary, etc. | Supersedes third edition (ISBN 1899769595) |
| 590 ## - LOCAL NOTE (RLIN) | |
| Local note | IKA270905 |
| 650 24 - SUBJECT ADDED ENTRY--TOPICAL TERM | |
| Topical term or geographic name entry element | CONTRACTS (RIGHTS OF THIRD PARTIES) ACT 1999 |
| 690 ## - LOCAL SUBJECT ADDED ENTRY--TOPICAL TERM (OCLC, RLIN) | |
| Topical term or geographic name as entry element | BUILT ENVIRONMENT-BUILDING CONTRACT FORMS-CONSTRUCTION COLLATERAL WARRANTY FORMS |
| 710 2# - ADDED ENTRY--CORPORATE NAME | |
| Corporate name or jurisdiction name as entry element | College of Estate Management |
| 9 (RLIN) | 400 |
| 942 ## - ADDED ENTRY ELEMENTS (KOHA) | |
| Suppress in OPAC | 0 |
| Withdrawn status | Lost status | Source of classification or shelving scheme | Damaged status | Not for loan | Home library | Current library | Shelving location | Date acquired | Cost, normal purchase price | Total Checkouts | Full call number | Barcode | Date last seen | Date last checked out | Copy number | Cost, replacement price | Price effective from | Koha item type |
|---|---|---|---|---|---|---|---|---|---|---|---|---|---|---|---|---|---|---|
| Dewey Decimal Classification | London | London | Enquiry desk | 20/09/2005 | 50.93 | 26 | BASEMENT 6 | 30071345 | 06/08/2019 | 24/11/2009 | 3 | 50.93 | 06/08/2019 | Audio | ||||
| Dewey Decimal Classification | London | London | Enquiry desk | 20/09/2005 | 50.93 | 24 | BASEMENT 6 | 30071348 | 06/08/2019 | 27/11/2009 | 6 | 50.93 | 06/08/2019 | Audio |